Statistiques concernant trouve les personnages de cars (facile)

Cliquez ici pour prendre le quiz!

Statistiques générales

  • Ce quiz a été pris 113 fois
  • Le résultat moyen est 9 sur 16

Statistiques - réponses

Réponse% Correct
martin
99%
flash mcqueen
96%
sally
91%
mack
83%
luigi
78%
doc hudson
76%
guido
70%
le king
66%
chick hicks
61%
finn mcmissile
49%
jackson storm
45%
francesco bernoulli
43%
cruz ramirez
42%
holley shiftwell
17%
Miles Axlerod
16%
professor z
4%

Distribution des résultats

Percentile par nombre de réponses

% des personnes avec chaque résultat

Votre développement - résultats

Vous n’avez pas pris ce quiz